<?xml version="1.0" encoding="UTF-8"?>
<record
    xmlns:xsi="http://www.w3.org/2001/XMLSchema-instance"
    xsi:schemaLocation="http://www.loc.gov/MARC21/slim http://www.loc.gov/standards/marcxml/schema/MARC21slim.xsd"
    xmlns="http://www.loc.gov/MARC21/slim">

  <leader>01637    a2200193   4500</leader>
  <controlfield tag="001">57815</controlfield>
  <controlfield tag="005">20260407155838.0</controlfield>
  <controlfield tag="008">260407a1964    arg                 spa d</controlfield>
  <controlfield tag="003">AR-UNSa-BCEJYS</controlfield>
  <datafield tag="040" ind1=" " ind2=" ">
    <subfield code="a">AR-UNSa-BCEJYS</subfield>
    <subfield code="b">spa</subfield>
    <subfield code="c">AR-UNSa-BCEJYS</subfield>
  </datafield>
  <datafield tag="080" ind1=" " ind2=" ">
    <subfield code="a">342</subfield>
    <subfield code="x">Derecho constitucional (Derecho P&#xFA;blico)</subfield>
  </datafield>
  <datafield tag="245" ind1="1" ind2="0">
    <subfield code="a">Manual de la Constituci&#xF3;n Argentina</subfield>
  </datafield>
  <datafield tag="264" ind1=" " ind2="1">
    <subfield code="a">C&#xF3;rdoba :</subfield>
    <subfield code="b">Universidad Nacional de C&#xF3;rdoba</subfield>
    <subfield code="c">1964</subfield>
  </datafield>
  <datafield tag="300" ind1=" " ind2=" ">
    <subfield code="a">590 p.</subfield>
    <subfield code="c">23 cm.</subfield>
  </datafield>
  <datafield tag="505" ind1=" " ind2=" ">
    <subfield code="a">1. Nociones fundamentales &#x2013; 2. Nociones fundamentales (continuaci&#xF3;n) &#x2013; 3. De los derechos en general &#x2013; 4. Libertad e igualdad civiles &#x2013; 5. De los derechos civiles con relaci&#xF3;n al trabajo y a los bienes &#x2013; 6. Derechos y libertades en relaci&#xF3;n inmediata con la personalidad &#x2013; 7. De los derechos con relaci&#xF3;n a la seguridad y defensa individuales &#x2013; 8. De los derechos pol&#xED;ticos &#x2013; 9. Suspensi&#xF3;n de las garant&#xED;as constitucionales. Estado de sitio &#x2013; 10. Naturaleza, forma y caracteres &#x2013; 11. Formaci&#xF3;n del Gobierno. Derecho electoral &#x2013; 12. Composici&#xF3;n y distribuci&#xF3;n de los poderes del gobierno &#x2013; 13. Del poder legislativo &#x2013; 14. Privilegios y poderes del Congreso &#x2013; 15. Atribuciones del congreso &#x2013; 16. Atribuciones del congreso (continuaci&#xF3;n) &#x2013; 17. Procedimiento parlamentario &#x2013; 18. Del poder ejecutivo &#x2013; 19. Del poder judicial &#x2013; 20. De las provincias y sus poderes &#x2013; 21. Relaciones entre las provincias &#x2013; 22. Intervenci&#xF3;n del gobierno federal en el r&#xE9;gimen interno de las provincias &#x2013; 23. La constituci&#xF3;n, ley suprema </subfield>
  </datafield>
  <datafield tag="942" ind1=" " ind2=" ">
    <subfield code="c">BK</subfield>
  </datafield>
  <datafield tag="590" ind1=" " ind2=" ">
    <subfield code="a">niveau_biblio:m niveau_hierar:0</subfield>
  </datafield>
  <datafield tag="100" ind1="1" ind2=" ">
    <subfield code="a">Gonz&#xE1;lez, Joaquin V.</subfield>
  </datafield>
  <datafield tag="999" ind1=" " ind2=" ">
    <subfield code="c">6318</subfield>
    <subfield code="d">6318</subfield>
  </datafield>
  <datafield tag="952" ind1=" " ind2=" ">
    <subfield code="0">0</subfield>
    <subfield code="1">0</subfield>
    <subfield code="4">0</subfield>
    <subfield code="7">0</subfield>
    <subfield code="a">BCEJYS</subfield>
    <subfield code="b">BCEJYS</subfield>
    <subfield code="c">16</subfield>
    <subfield code="d">2026-04-07</subfield>
    <subfield code="l">0</subfield>
    <subfield code="o">342 G642</subfield>
    <subfield code="p">L87236</subfield>
    <subfield code="r">2026-04-07 15:58:38</subfield>
    <subfield code="w">2026-04-07</subfield>
    <subfield code="y">L</subfield>
  </datafield>
</record>
